|
|
|
|
| LEADER |
00750cam a2200205 7i4500 |
| 001 |
0000016105 |
| 005 |
20180702090000.0 |
| 008 |
070705 eng |
| 020 |
|
|
|a 9780074633175
|
| 020 |
|
|
|a 0074633171 (pbk.)
|
| 090 |
0 |
0 |
|a TK7868
|b .P87 1997
|
| 100 |
1 |
|
|a Puri, V K
|
| 245 |
1 |
0 |
|a Digital electronics :
|b circuits and systems
|c V K Puri.
|
| 260 |
|
|
|a New Delhi:
|b Tata McGraw-Hill Pub. Co.,
|c 1997.
|
| 300 |
|
|
|a xiv, 446 p.:
|b ill.;
|c 24 cm.
|
| 504 |
|
|
|a Includes bibliographical references and index
|
| 650 |
0 |
0 |
|a Digital electronics
|
| 997 |
|
|
|a Engineering & Life Sciences, Faculty
|b Engineering, Department
|
| 998 |
|
|
|a Electrical & Electronic Engineering, Diploma
|
| 999 |
|
|
|a 0000019486
|b BOK
|c OPEN SHELF
|e 2nd Floor, Bestari Jaya
|